| 000 | 00415nam a2200157 a 4500 | ||
|---|---|---|---|
| 005 | 20140414131922.0 | ||
| 008 | 101023s19uu xx 00 eng d | ||
| 020 | _a060234814 | ||
| 050 |
_aFIC 813 _bL673 1994 |
||
| 100 | _aLewis,Clive Staples (C.S.) | ||
| 245 | _aThe Lion, the witch and the wardrobe. | ||
| 260 |
_aNew York : _bHarper Collins, _c1994. |
||
| 300 | _a206 | ||
| 650 | _aFantasy. | ||
| 999 |
_c111826 _d111826 |
||